| 000 | 00671cam a2200193 4500 | ||
|---|---|---|---|
| 020 | _a070022243X | ||
| 082 | 0 | 0 |
_a526.9 _bBRI _cD |
| 100 | 1 |
_aBrinker, Russell C. _937707 |
|
| 245 | 1 | 0 |
_aElementary surveying _c[Russell C. Brinker. |
| 250 | _a3rd ed. | ||
| 260 |
_aScranton, _bInternational Textbook Co. _c1960. |
||
| 300 |
_a550 p. : _c24 cm. |
||
| 490 | 0 | _aInternational textbooks in civil engineering | |
| 500 | _aFirst-2d ed., published 1939-49, by W. C. Taylor; 3d-4th ed., published 1955-61, by R. C. Brinker and W. C. Taylor. | ||
| 526 |
_a0 _b0 _c0 _d526_900000000000000_BRI |
||
| 650 | 0 |
_aMCE _9379 |
|
| 700 | 1 |
_aTaylor, Warren Crosby, _939618 |
|
| 942 |
_2ddc _cBK |
||
| 999 |
_c544075 _d544075 |
||